Záujem vysokoškolákov stále trvá

Bibliographic Details
Format: Article
Language:Slovak
PhysicalDescription:Fotogr.
Subjects:

MARC

LEADER 00000nab a2200000 a 4500
001 vtls008885975
003 SK-MaSNL
005 20260304172942.0
008 061128 2006 xo w n 000 0 slo
015 |a SLLK2006  |2 sllk 
038 |a SLLK 
040 |a SLLK  |b slo  |c sllk  |e AACR2 
041 0 |a slo 
044 |a xo  |c SK 
080 |a 378  |2 1997 
245 0 0 |a Záujem vysokoškolákov stále trvá  |c Text a foto (mv) 
300 |b Fotogr. 
610 2 7 |a Katolícka univerzita v Ružomberku.  |b Detašované pracovisko v Starej Ľubovni  |2 snkbucl  |9 181946 
651 7 |a Stará Ľubovňa (Slovensko)  |2 snkbucl  |9 19193 
773 0 |t Ľubovnianske noviny  |g Roč. XXXII, č. 42 (2006), s. 1 
852 |a SLLK  |b KIS3GCP 
999 |c 3000893  |d 3002823